| 000 | 00404nam a2200145Ia 4500 | ||
|---|---|---|---|
| 008 | 230917s9999||||xx |||||||||||||| ||und|| | ||
| 040 |
_e203199 _aMAIN |
||
| 041 | _aEnglish | ||
| 082 | _a338.4791 F36C | ||
| 100 | _aFennell, David A | ||
| 245 | 0 | _aCodes of ethics in tourism: Practice, theory, synthesis | |
| 260 |
_aClevedon _bChannel View Publications _c2007 |
||
| 300 | _aviii, 186 p. | ||
| 942 | _cBK | ||
| 999 |
_c173652 _d173652 |
||